[Event "LTU-ch sf"]
[Site "Kaunas"]
[Date "2024.03.09"]
[Round "6"]
[White "Spevak, Dovydas"]
[Black "Simkunaite, Gabija"]
[Result "1/2-1/2"]
[WhiteElo "1780"]
[BlackElo "2002"]
[PlyCount "79"]
[EventDate "2024.03.06"]
[EventType "swiss"]
[EventRounds "8"]
[EventCountry "LTU"]
[SourceTitle "CB11_2024"]
[SourceDate "2024.03.13"]
[SourceVersion "1"]
[SourceVersionDate "2024.03.13"]
[SourceQuality "1"]

1. d4 d5 2. c4 e6 3. Nc3 Nf6 4. cxd5 exd5 5. Bg5 Be7 6. e3 0-0 7. Bd3 h6 8. Bh4 Re8 9. Nge2 Nbd7 10. 0-0 c6 11. Qc2 Nh5 12. Bxe7 Qxe7 13. Nb1 Nf8 14. Nd2 Be6 15. a3 a5 16. Nc3 Rec8 17. Rab1 c5 18. dxc5 Qxc5 19. Nb3 Qd6 20. Nd4 Nf6 21. Qb3 Ng4 22. g3 Ne5 23. Be2 Nc4 24. Bxc4 a4 25. Qxb7 dxc4 26. Ne4 Qe5 27. f4 Qa5 28. Qb5 Qa7 29. Rfe1 Bd7 30. Qb4 Rab8 31. Qc3 Qa6 32. Nd2 Nh7 33. N2f3 Nf6 34. Ne5 Bh3 35. e4 Qb7 36. Qc2 Qb6 37. Qc3 Qb7 38. Qc2 Qb6 39. Qc3 Qb7 40. Qc2 1/2-1/2

[Event "LTU-ch sf"]
[Site "Kaunas"]
[Date "2024.03.08"]
[Round "4"]
[White "Spevak, Dovydas"]
[Black "Alionyte, Patricija"]
[Result "1-0"]
[WhiteElo "1780"]
[BlackElo "1591"]
[PlyCount "55"]
[EventDate "2024.03.06"]
[EventType "swiss"]
[EventRounds "8"]
[EventCountry "LTU"]
[SourceTitle "CB11_2024"]
[SourceDate "2024.03.13"]
[SourceVersion "1"]
[SourceVersionDate "2024.03.13"]
[SourceQuality "1"]

1. d4 d5 2. c4 e6 3. Nc3 Nf6 4. cxd5 exd5 5. Bg5 Nbd7 6. e3 c6 7. Bd3 Bd6 8. Nge2 Qc7 9. Qc2 0-0 10. h3 Re8 11. 0-0 h6 12. Bf4 Nh5 13. Nxd5 Qa5 14. Bxd6 Qxd5 15. Bh2 Nb6 16. e4 Qd7 17. a4 Qe7 18. a5 Nd7 19. e5 g6 20. f4 f5 21. g4 Ng7 22. gxf5 gxf5 23. Bxf5 Nf8 24. Bxc8 Raxc8 25. f5 Qf7 26. Ra3 Kh8 27. e6 Qh5 28. Be5 1-0

[Event "Taujenai-ch rapid"]
[Site "Taujenai"]
[Date "2023.10.28"]
[Round "4"]
[White "Spevak, Dovydas"]
[Black "Vaitiekunas, Motiejus"]
[Result "1-0"]
[WhiteElo "1884"]
[BlackElo "1557"]
[PlyCount "144"]
[EventDate "2023.10.28"]
[EventType "swiss (rapid)"]
[EventRounds "10"]
[EventCountry "LTU"]
[SourceTitle "Mega2024 Update 01"]
[Source "Chessbase"]
[SourceDate "2023.11.12"]
[SourceVersion "1"]
[SourceVersionDate "2023.11.12"]
[SourceQuality "1"]

1. d4 d5 2. c4 c6 3. Nc3 Nf6 4. Nf3 Bg4 5. Ne5 Bf5 6. f3 Nbd7 7. g4 Be6 8. cxd5 Nxd5 9. Nxd7 Nxc3 10. bxc3 Bxd7 11. Bf4 e6 12. e4 Be7 13. Qd2 Bh4+ 14. Bg3 Bxg3+ 15. hxg3 Qc7 16. Kf2 h6 17. Be2 c5 18. dxc5 Qxc5+ 19. Qd4 Qxd4+ 20. cxd4 0-0 21. Rab1 b6 22. Ba6 Rab8 23. Rb3 Bc8 24. Bb5 a6 25. Bc6 Bb7 26. Bxb7 Rxb7 27. Rc1 Rd8 28. Ke3 Rdb8 29. Rc6 a5 30. a4 b5 31. axb5 Rxb5 32. Rxb5 Rxb5 33. Rc8+ Kh7 34. Kd3 Rb3+ 35. Rc3 Rb2 36. Ra3 Rg2 37. Rxa5 Rxg3 38. Ke3 Rg1 39. Kf4 Rd1 40. d5 Rd3 41. dxe6 fxe6 42. Ra6 e5+ 43. Kg3 Kg8 44. Re6 Kf7 45. Rxe5 Kf6 46. Rb5 g5 47. Rb6+ Kg7 48. Rb7+ Kf6 49. Rb6+ Kg7 50. Kf2 Ra3 51. Rb7+ Kf6 52. Rb6+ Kg7 53. Rd6 Rb3 54. Ke2 Rb2+ 55. Ke3 Rb3+ 56. Rd3 Rb4 57. Rd7+ Kf6 58. Rd6+ Kg7 59. Rd4 Rb3+ 60. Rd3 Rb4 61. f4 Rb1 62. Rd7+ Kg6 63. f5+ Kf6 64. Rd6+ Kg7 65. Kd4 Rd1+ 66. Ke5 Rxd6 67. Kxd6 h5 68. Ke7 hxg4 69. f6+ Kg6 70. f7 g3 71. f8Q Kh5 72. Qf3+ Kh4 1-0

[Event "Panevezys op"]
[Site "Panevezys"]
[Date "2023.08.20"]
[Round "6"]
[White "Spevak, Dovydas"]
[Black "Antuzis, Danielius"]
[Result "1/2-1/2"]
[WhiteElo "1580"]
[BlackElo "1307"]
[PlyCount "67"]
[EventDate "2023.08.18"]
[EventType "swiss"]
[EventRounds "7"]
[EventCountry "LTU"]
[SourceTitle "EXT 2024"]
[Source "ChessBase"]
[SourceDate "2023.10.10"]
[SourceVersion "1"]
[SourceVersionDate "2023.10.10"]
[SourceQuality "1"]

1. d4 d5 2. c4 e6 3. Nc3 Nf6 4. cxd5 Nxd5 5. e4 Nxc3 6. bxc3 b6 7. Nf3 Bb7 8. Bd3 c5 9. Bb5+ Bc6 10. Bxc6+ Nxc6 11. 0-0 Be7 12. d5 exd5 13. exd5 Nb8 14. Qa4+ Qd7 15. Qxd7+ Nxd7 16. Re1 Kd8 17. Bg5 Bf6 18. Bxf6+ Nxf6 19. Ne5 Rf8 20. Rad1 Nd7 21. Nc6+ Kc7 22. Re7 Rae8 23. Rde1 Rxe7 24. Rxe7 Kd6 25. c4 a6 26. a4 Nb8 27. Rb7 Nd7 28. f3 a5 29. Kf2 Re8 30. g3 h6 31. g4 f6 32. h3 g5 33. Ra7 Rf8 34. Ke3 1/2-1/2

[Event "Plateliai Plunge op-A 42nd"]
[Site "Plateliai"]
[Date "2023.07.20"]
[Round "6"]
[White "Rupsys, Rimantas"]
[Black "Spevak, Dovydas"]
[Result "1/2-1/2"]
[WhiteElo "1866"]
[BlackElo "1546"]
[PlyCount "74"]
[EventDate "2023.07.17"]
[EventType "swiss"]
[EventRounds "9"]
[EventCountry "LTU"]
[SourceTitle "CBM 215 Extra"]
[Source "ChessBase"]
[SourceDate "2023.09.30"]
[SourceVersion "1"]
[SourceVersionDate "2023.09.30"]
[SourceQuality "1"]

1. d4 d5 2. Nf3 Nf6 3. c4 e6 4. Bg5 Be7 5. e3 0-0 6. Nc3 h6 7. Bh4 b6 8. Be2 Bb7 9. 0-0 Nbd7 10. a3 c5 11. Rc1 dxc4 12. Bxc4 Ne4 13. Bxe7 Qxe7 14. Nxe4 Bxe4 15. dxc5 bxc5 16. Bd3 Bxf3 17. Qxf3 Ne5 18. Qe4 Nxd3 19. Qxd3 Rab8 20. b3 Rfd8 21. Qc4 Qb7 22. Rc3 Qb5 23. Qxb5 Rxb5 24. h3 Rdb8 25. Rb1 Ra5 26. a4 Rxa4 27. Rxc5 Rab4 28. Ra1 R8b7 29. Rca5 Rxb3 30. Rxa7 Rxa7 31. Rxa7 f6 32. Re7 e5 33. Kh2 Kh7 34. h4 h5 35. Kg3 Kg6 36. Kf3 Rb4 37. g3 Rb2 1/2-1/2

[Event "Plateliai Plunge op-A 42nd"]
[Site "Plateliai"]
[Date "2023.07.20"]
[Round "5"]
[White "Spevak, Dovydas"]
[Black "Ziura, Arvydas"]
[Result "1-0"]
[WhiteElo "1546"]
[BlackElo "1250"]
[PlyCount "97"]
[EventDate "2023.07.17"]
[EventType "swiss"]
[EventRounds "9"]
[EventCountry "LTU"]
[SourceTitle "CBM 215 Extra"]
[Source "ChessBase"]
[SourceDate "2023.09.30"]
[SourceVersion "1"]
[SourceVersionDate "2023.09.30"]
[SourceQuality "1"]

1. d4 d5 2. c4 e6 3. Nc3 Nf6 4. cxd5 exd5 5. Bg5 Be7 6. e3 Be6 7. Bd3 Nbd7 8. Nge2 h6 9. Bh4 c6 10. 0-0 Bd6 11. Bg3 Bxg3 12. Nxg3 Nb6 13. Nce2 Nc8 14. Nf4 Qd7 15. Nxe6 Qxe6 16. Bf5 Qe7 17. Bxc8 Rxc8 18. Nf5 Qf8 19. Qf3 g6 20. Ng3 Qe7 21. Rac1 Ne4 22. Nxe4 Qxe4 23. Qxe4+ dxe4 24. Rc3 Ke7 25. Ra3 Ra8 26. Rc1 Kd6 27. f3 Rhe8 28. Kf2 f5 29. Ke2 Re7 30. Rd1 b6 31. Rc3 Rae8 32. Rdc1 Rc8 33. b4 b5 34. Rc5 Rcc7 35. Kf2 Rf7 36. Kg3 exf3 37. gxf3 Rfe7 38. R1c3 Re8 39. Kf2 Ree7 40. Kg3 Re8 41. Kf4 g5+ 42. Kxf5 Rf8+ 43. Kg4 Rf6 44. d5 Kd7 45. Rxc6 Rcxc6 46. Rxc6 Rxc6 47. dxc6+ Kxc6 48. e4 Kd6 49. Kf5 1-0

[Event "LTU-ch sf"]
[Site "Vilnius"]
[Date "2023.04.16"]
[Round "9"]
[White "Salna, Aleksandras"]
[Black "Spevak, Dovydas"]
[Result "1-0"]
[WhiteElo "2218"]
[BlackElo "1369"]
[PlyCount "49"]
[EventDate "2023.04.11"]
[EventType "swiss"]
[EventRounds "9"]
[EventCountry "LTU"]
[SourceTitle "CBM 213 Extra"]
[Source "ChessBase"]
[SourceDate "2023.05.31"]
[SourceVersion "1"]
[SourceVersionDate "2023.05.31"]
[SourceQuality "1"]

1. Nf3 d5 2. g3 Nf6 3. Bg2 e6 4. 0-0 Be7 5. d3 0-0 6. Nbd2 c5 7. e4 Nc6 8. Re1 b6 9. e5 Ne8 10. Nf1 Bb7 11. h4 Nc7 12. h5 f5 13. exf6 Bxf6 14. N1h2 Nd4 15. Nxd4 Bxd4 16. Ng4 Qd6 17. c3 Bf6 18. Bf4 Qd7 19. Nxf6+ Rxf6 20. Be5 Rf7 21. Bh3 Re7 22. h6 g6 23. Bxc7 Qxc7 24. Bxe6+ Kh8 25. Qf3 1-0

[Event "LTU-ch sf"]
[Site "Vilnius"]
[Date "2023.04.14"]
[Round "7"]
[White "Janulynas, Jonas"]
[Black "Spevak, Dovydas"]
[Result "1/2-1/2"]
[WhiteElo "1710"]
[BlackElo "1369"]
[PlyCount "56"]
[EventDate "2023.04.11"]
[EventType "swiss"]
[EventRounds "9"]
[EventCountry "LTU"]
[SourceTitle "CBM 213 Extra"]
[Source "ChessBase"]
[SourceDate "2023.05.31"]
[SourceVersion "1"]
[SourceVersionDate "2023.05.31"]
[SourceQuality "1"]

1. e4 c6 2. d4 d5 3. Nc3 dxe4 4. Nxe4 Bf5 5. Ng3 Bg6 6. N1e2 Nd7 7. Nf4 e5 8. Nxg6 hxg6 9. Be3 Qa5+ 10. c3 Ngf6 11. Qb3 exd4 12. Bxd4 Bc5 13. Bxc5 Nxc5 14. Qb4 Qxb4 15. cxb4 Nce4 16. Nxe4 Nxe4 17. Bd3 0-0-0 18. Bxe4 Rhe8 19. f3 f5 20. Rd1 fxe4 21. Rxd8+ Kxd8 22. Kf2 Rf8 23. Rd1+ Kc7 24. Kg3 exf3 25. gxf3 Rf5 26. Kf2 Rh5 27. Kg3 Rg5+ 28. Kf2 Rh5 1/2-1/2

[Event "LTU-ch sf"]
[Site "Vilnius"]
[Date "2023.04.14"]
[Round "6"]
[White "Spevak, Dovydas"]
[Black "Narmontas, Raimondas"]
[Result "1-0"]
[WhiteElo "1369"]
[BlackElo "1936"]
[PlyCount "73"]
[EventDate "2023.04.11"]
[EventType "swiss"]
[EventRounds "9"]
[EventCountry "LTU"]
[SourceTitle "CBM 213 Extra"]
[Source "ChessBase"]
[SourceDate "2023.05.31"]
[SourceVersion "1"]
[SourceVersionDate "2023.05.31"]
[SourceQuality "1"]

1. d4 Nf6 2. c4 c5 3. d5 g6 4. Nc3 Bg7 5. e4 d6 6. h3 0-0 7. Nf3 b6 8. Be2 a6 9. 0-0 Ra7 10. Qc2 Nh5 11. Nh2 Nf6 12. Nf3 Ne8 13. Qd1 e6 14. dxe6 fxe6 15. Bg5 Qc7 16. Bh4 Nc6 17. Bg3 Qe7 18. Re1 Nd4 19. e5 dxe5 20. Nxe5 Nd6 21. Nc6 Qf7 22. Nxa7 Bb7 23. Bd3 N6f5 24. Rf1 Rd8 25. Qb1 Bxg2 26. Kxg2 Nh4+ 27. Bxh4 Qf3+ 28. Kh2 Qh5 29. Bg3 Nf3+ 30. Kg2 Ng5 31. h4 Qf3+ 32. Kh2 Rxd3 33. Qxd3 Qxd3 34. hxg5 Qd7 35. Rad1 Qxa7 36. Rd8+ Kf7 37. Rc8 1-0

[Event "Klaipeda Sea op-B 19th"]
[Site "Klaipeda"]
[Date "2022.07.27"]
[Round "4"]
[White "Rumiancevas, Valentinas"]
[Black "Spevak, Dovydas"]
[Result "0-1"]
[WhiteElo "1031"]
[BlackElo "1284"]
[PlyCount "82"]
[EventDate "2022.07.26"]
[EventType "swiss"]
[EventRounds "7"]
[EventCountry "LTU"]
[SourceTitle "CBM 209 Extra"]
[Source "ChessBase"]
[SourceDate "2022.09.30"]
[SourceVersion "1"]
[SourceVersionDate "2022.09.30"]
[SourceQuality "1"]

1. d4 d5 2. Nf3 Nf6 3. e3 Bf5 4. Ne5 e6 5. c4 c6 6. Nc3 Bd6 7. cxd5 exd5 8. Bd3 Bxd3 9. Qxd3 Nbd7 10. Nxd7 Qxd7 11. 0-0 Qe7 12. Re1 Ne4 13. Re2 0-0 14. f3 Nxc3 15. bxc3 f5 16. Bb2 b5 17. Rae1 Rae8 18. e4 fxe4 19. fxe4 dxe4 20. Rxe4 Qf7 21. Rxe8 Rxe8 22. Rxe8+ Qxe8 23. Qf1 Qe3+ 24. Qf2 Bxh2+ 25. Kf1 Qf4 26. Qxf4 Bxf4 27. Kf2 Kf7 28. Kf3 Bd6 29. Bc1 Ke6 30. Bf4 Bxf4 31. Kxf4 h6 32. Kg4 g6 33. g3 Kd5 34. Kf4 a5 35. Ke3 b4 36. cxb4 axb4 37. Kd3 h5 38. Kc2 Kc4 39. Kb2 g5 40. a3 bxa3+ 41. Kxa3 h4 0-1

[Event "Klaipeda Sea op-B 19th"]
[Site "Klaipeda"]
[Date "2022.07.27"]
[Round "3"]
[White "Spevak, Dovydas"]
[Black "Januseviciute, Donata"]
[Result "0-1"]
[WhiteElo "1284"]
[BlackElo "1435"]
[PlyCount "60"]
[EventDate "2022.07.26"]
[EventType "swiss"]
[EventRounds "7"]
[EventCountry "LTU"]
[SourceTitle "CBM 209 Extra"]
[Source "ChessBase"]
[SourceDate "2022.09.30"]
[SourceVersion "1"]
[SourceVersionDate "2022.09.30"]
[SourceQuality "1"]

1. d4 c5 2. d5 e5 3. e4 d6 4. g3 Nf6 5. Bg2 Be7 6. Ne2 Nbd7 7. c4 Rb8 8. Nbc3 a6 9. a4 0-0 10. 0-0 Ne8 11. f4 g6 12. f5 Ng7 13. Bh6 Nf6 14. Qd2 Ng4 15. Bxg7 Kxg7 16. h4 g5 17. Bf3 h5 18. Bxg4 hxg4 19. hxg5 Bxg5 20. Qd3 Rh8 21. Kg2 Rh3 22. Ng1 Rh6 23. Qe2 Qh8 24. Qxg4 Rh2+ 25. Kf3 f6 26. Nge2 Bd7 27. Rf2 Be8 28. Rxh2 Qxh2 29. Rh1 Qxh1+ 30. Kf2 Bh5 0-1

[Event "Plunge op-A 41st"]
[Site "Plateliai"]
[Date "2022.07.24"]
[Round "9"]
[White "Spevak, Dovydas"]
[Black "Juskaitis, Skomantas"]
[Result "1-0"]
[WhiteElo "1284"]
[BlackElo "1291"]
[PlyCount "47"]
[EventDate "2022.07.18"]
[EventType "swiss"]
[EventRounds "9"]
[EventCountry "LTU"]
[SourceTitle "CBM 209 Extra"]
[Source "ChessBase"]
[SourceDate "2022.09.30"]
[SourceVersion "1"]
[SourceVersionDate "2022.09.30"]
[SourceQuality "1"]

1. d4 d5 2. Bf4 Nf6 3. e3 Bf5 4. c4 c6 5. cxd5 cxd5 6. Qb3 Qa5+ 7. Nc3 b6 8. Qb5+ Qxb5 9. Nxb5 Na6 10. Nd6+ exd6 11. Bxa6 Bc8 12. Bb5+ Bd7 13. Bd3 Be7 14. f3 Nh5 15. Ne2 0-0 16. g4 Nf6 17. Kd2 Rac8 18. Ba6 Rc6 19. Bg5 Re8 20. h4 h6 21. Bxf6 Bxf6 22. Nf4 g5 23. Nxd5 Bg7 24. Bb5 1-0

[Event "Plunge op-A 41st"]
[Site "Plateliai"]
[Date "2022.07.21"]
[Round "6"]
[White "Simkunaite, Gabija"]
[Black "Spevak, Dovydas"]
[Result "1-0"]
[WhiteElo "2010"]
[BlackElo "1284"]
[PlyCount "51"]
[EventDate "2022.07.18"]
[EventType "swiss"]
[EventRounds "9"]
[EventCountry "LTU"]
[SourceTitle "CBM 209 Extra"]
[Source "ChessBase"]
[SourceDate "2022.09.30"]
[SourceVersion "1"]
[SourceVersionDate "2022.09.30"]
[SourceQuality "1"]

1. e4 c6 2. d4 d5 3. exd5 cxd5 4. Bd3 Nc6 5. c3 Qc7 6. h3 Nf6 7. Nf3 h6 8. Na3 a6 9. 0-0 e6 10. Nc2 Bd6 11. Ne3 0-0 12. Bc2 b6 13. Re1 Bb7 14. Ng4 Nxg4 15. hxg4 f5 16. Rxe6 fxg4 17. Qd3 gxf3 18. Qh7+ Kf7 19. Qg6+ Kg8 20. Rxd6 Ne7 21. Qe6+ Kh8 22. Rd7 Bc8 23. Qxe7 Bxd7 24. Bxh6 Rg8 25. Qh4 Rge8 26. Bf4+ 1-0

[Event "LTU-ch U16"]
[Site "Kaunas"]
[Date "2022.02.18"]
[Round "5"]
[White "Kungys, Deivis"]
[Black "Spevak, Dovydas"]
[Result "1-0"]
[WhiteElo "1138"]
[BlackElo "1225"]
[PlyCount "115"]
[EventDate "2022.02.16"]
[EventType "swiss"]
[EventRounds "8"]
[EventCountry "LTU"]
[SourceTitle "CBM 207 Extra"]
[Source "ChessBase"]
[SourceDate "2022.05.31"]
[SourceVersion "1"]
[SourceVersionDate "2022.05.31"]
[SourceQuality "1"]

1. e3 d5 2. c4 e6 3. Nf3 c6 4. b3 Nf6 5. Bb2 Bd6 6. Be2 0-0 7. 0-0 Nbd7 8. d4 Ne4 9. Nbd2 f5 10. Ne5 Rf6 11. Nxe4 fxe4 12. f4 Rh6 13. Ng4 Rg6 14. Ne5 Bxe5 15. fxe5 Qg5 16. Rf2 Qxe3 17. Bh5 Nf8 18. Bxg6 Nxg6 19. Qc1 Qd3 20. Qc3 Qxc3 21. Bxc3 b6 22. Raf1 Ba6 23. Re1 Rf8 24. Rxf8+ Kxf8 25. Bb4+ Ke8 26. g3 Nh8 27. h4 Nf7 28. Kg2 Nh6 29. Kh3 Nf5 30. Bc3 c5 31. g4 Nxd4 32. Bxd4 cxd4 33. cxd5 exd5 34. Kg3 e3 35. Kf3 Ke7 36. Rc1 Ke6 37. Rc7 Kxe5 38. Rxg7 e2 39. Rg5+ Kd6 40. Kf2 d3 41. Ke1 Kc5 42. Kd2 Kd4 43. Rg7 e1Q+ 44. Kxe1 Kc3 45. Rc7+ Bc4 46. bxc4 d2+ 47. Kd1 dxc4 48. Rxh7 Kb2 49. Rxa7 c3 50. Rc7 b5 51. h5 b4 52. h6 Kxa2 53. h7 b3 54. h8Q c2+ 55. Rxc2+ bxc2+ 56. Kxc2 Ka3 57. Qb8 Ka2 58. Qb2# 1-0

[Event "LTU-ch U16"]
[Site "Kaunas"]
[Date "2022.02.16"]
[Round "1"]
[White "Spevak, Dovydas"]
[Black "Norkunas, Azuolas"]
[Result "1-0"]
[WhiteElo "1225"]
[BlackElo "1492"]
[PlyCount "93"]
[EventDate "2022.02.16"]
[EventType "swiss"]
[EventRounds "8"]
[EventCountry "LTU"]
[SourceTitle "CBM 207 Extra"]
[Source "ChessBase"]
[SourceDate "2022.05.31"]
[SourceVersion "1"]
[SourceVersionDate "2022.05.31"]
[SourceQuality "1"]

1. d4 Nf6 2. Bf4 d5 3. Nc3 c6 4. e3 e6 5. Nf3 Bb4 6. Bd3 Nbd7 7. 0-0 0-0 8. h3 Re8 9. Ne2 Nf8 10. c3 Bd6 11. Bxd6 Qxd6 12. Ne5 N6d7 13. Nxd7 Bxd7 14. e4 dxe4 15. Bxe4 Rad8 16. Qb3 Bc8 17. Rad1 Ng6 18. Qc2 Qe7 19. Bxg6 hxg6 20. Nc1 Rd6 21. Nd3 Red8 22. Qa4 a6 23. Ne5 Qg5 24. Qa3 Rd5 25. f4 Qh4 26. Kh2 c5 27. g3 Qe7 28. Nc4 R5d7 29. Nb6 Rc7 30. dxc5 Bd7 31. Rd6 Bc6 32. Rfd1 Re8 33. Qb4 Qf6 34. Nc4 Qf5 35. Ne5 f6 36. Nxc6 Rxc6 37. Qxb7 Rxd6 38. Rxd6 Qxc5 39. Qb6 Qxb6 40. Rxb6 Rd8 41. h4 Kf7 42. Kh3 f5 43. Rxa6 Rd1 44. c4 g5 45. hxg5 Rh1+ 46. Kg2 Rd1 47. b3 1-0

[Event "Taujenai Manor Cup"]
[Site "Taujenai"]
[Date "2021.11.28"]
[Round "7"]
[White "Posaskov, Nikita"]
[Black "Spevak, Dovydas"]
[Result "1/2-1/2"]
[WhiteElo "1971"]
[BlackElo "1523"]
[PlyCount "244"]
[EventDate "2021.11.27"]
[EventType "swiss (rapid)"]
[EventRounds "9"]
[EventCountry "LTU"]
[SourceTitle "EXT 2023"]
[Source "ChessBase"]
[SourceDate "2022.10.05"]
[SourceVersion "1"]
[SourceVersionDate "2022.10.05"]
[SourceQuality "1"]

1. d4 d5 2. c4 e6 3. Nf3 c6 4. g3 Bd6 5. Bg2 f5 6. 0-0 Nf6 7. b3 0-0 8. Ba3 Bxa3 9. Nxa3 Nbd7 10. Nc2 b6 11. Nb4 Bb7 12. Nd3 c5 13. dxc5 Nxc5 14. cxd5 Nxd3 15. Qxd3 Qxd5 16. Qxd5 Bxd5 17. Nd4 Bxg2 18. Kxg2 Kf7 19. Rac1 Rfc8 20. Nb5 Ke7 21. Rxc8 Rxc8 22. Nxa7 Rc2 23. Ra1 Rxe2 24. Nc8+ Kd7 25. Nxb6+ Kc7 26. Nc4 Ne4 27. a4 Rxf2+ 28. Kg1 Rc2 29. a5 Kb7 30. Rd1 Kc7 31. Ra1 Kb7 32. Na3 Rb2 33. a6+ Ka8 34. Nb5 Rxb3 35. Nc7+ Ka7 36. Nxe6 g6 37. Nf8 Nxg3 38. hxg3 Rxg3+ 39. Kf2 Rb3 40. Nxh7 Rb6 41. Nf8 Rxa6 42. Rg1 Rf6 43. Nxg6 Kb6 44. Kf3 Kc5 45. Kf4 Ra6 46. Kxf5 Kd4 47. Rd1+ Ke3 48. Ne5 Ra4 49. Rd3+ Ke2 50. Rb3 Rh4 51. Ng4 Kd2 52. Nf6 Ra4 53. Ne4+ Kc2 54. Rh3 Ra8 55. Ke5 Re8+ 56. Kd5 Ra8 57. Kc4 Rc8+ 58. Nc5 Rg8 59. Rh2+ Kc1 60. Nb3+ Kd1 61. Nd4 Rg7 62. Nf5 Rg8 63. Kd3 Rd8+ 64. Nd4 Ke1 65. Ra2 Rd7 66. Ke3 Re7+ 67. Kf3 Rd7 68. Nf5 Rf7 69. Ke4 Rf8 70. Nd4 Rh8 71. Ke3 Re8+ 72. Kd3 Rh8 73. Nf3+ Kf1 74. Ke3 Re8+ 75. Kf4 Rf8+ 76. Ke4 Re8+ 77. Ne5 Rd8 78. Ng6 Rd7 79. Nf4 Rf7 80. Kf3 Ke1 81. Rh2 Rf8 82. Ke4 Re8+ 83. Kd4 Rd8+ 84. Nd5 Kd1 85. Kc4 Ke1 86. Nf4 Rd7 87. Ne6 Rd6 88. Nd4 Rd8 89. Re2+ Kf1 90. Ra2 Ke1 91. Kd3 Rd7 92. Ke3 Re7+ 93. Kf4 Rf7+ 94. Nf5 Rf8 95. Ke4 Re8+ 96. Kd5 Rd8+ 97. Nd6 Kd1 98. Ra7 Ke1 99. Rh7 Kd1 100. Ke5 Ke1 101. Nf5 Re8+ 102. Kd4 Rd8+ 103. Ke4 Re8+ 104. Ne7 Kd1 105. Ke3 Ra8 106. Rh1+ Kc2 107. Nf5 Re8+ 108. Kd4 Rd8+ 109. Ke5 Re8+ 110. Kd5 Ra8 111. Nd4+ Kd2 112. Rh2+ Kd3 113. Rh3+ Kd2 114. Nf5 Rd8+ 115. Nd6 Rd7 116. Ke6 Ra7 117. Ke5 Re7+ 118. Kd5 Rd7 119. Kc6 Ra7 120. Nb5 Rg7 121. Kc5 Rg8 122. Nd6 Ra8 1/2-1/2

[Event "LTU-ch U14 Rapid"]
[Site "Vilnius"]
[Date "2021.09.19"]
[Round "9"]
[White "Uckuronis, Aleksandras"]
[Black "Spevak, Dovydas"]
[Result "1/2-1/2"]
[WhiteElo "1336"]
[BlackElo "1502"]
[PlyCount "104"]
[EventDate "2021.09.18"]
[EventType "swiss (rapid)"]
[EventRounds "9"]
[EventCountry "LTU"]
[SourceTitle "EXT 2023"]
[Source "ChessBase"]
[SourceDate "2022.10.05"]
[SourceVersion "1"]
[SourceVersionDate "2022.10.05"]
[SourceQuality "1"]

1. d4 d5 2. c4 e6 3. Nc3 c6 4. Nf3 Bd6 5. e3 Nd7 6. b3 f5 7. Bd3 Ngf6 8. cxd5 cxd5 9. Nb5 Bb8 10. Ba3 a6 11. Nd6+ Bxd6 12. Bxd6 Qb6 13. Be5 0-0 14. 0-0 Ng4 15. Bf4 Ngf6 16. Rc1 Ne4 17. Bxe4 fxe4 18. Ne5 Nxe5 19. Bxe5 Rf7 20. Qg4 Bd7 21. Rc7 Re8 22. Rfc1 g6 23. h4 Bc6 24. Rxf7 Kxf7 25. Qf4+ Ke7 26. Bd6+ Kd7 27. Be5 Qd8 28. Qh6 Qe7 29. Qf4 Rf8 30. Qg4 Rf5 31. g3 Qf7 32. Qe2 h5 33. a4 Qf8 34. Qd2 Qe7 35. Qa5 Qd8 36. Qb4 Qe7 37. Qb6 Qd8 38. Qc5 Qe7 39. Qb6 Qd8 40. Qc5 Qe7 41. Qa5 Qd8 42. Qb4 Qe7 43. Qb6 Qd8 44. Qc5 Qe7 45. Qb6 Qd8 46. Qb4 Qe7 47. Qc3 Rf8 48. Bf4 Rc8 49. Qa5 Qd8 50. Qc5 Qe7 51. Qc3 Qf8 52. Qa5 Qd8 1/2-1/2

[Event "LTU-ch U14 Rapid"]
[Site "Vilnius"]
[Date "2021.09.18"]
[Round "3"]
[White "Paknyte, Beatrice"]
[Black "Spevak, Dovydas"]
[Result "0-1"]
[WhiteElo "1374"]
[BlackElo "1502"]
[PlyCount "126"]
[EventDate "2021.09.18"]
[EventType "swiss (rapid)"]
[EventRounds "9"]
[EventCountry "LTU"]
[SourceTitle "EXT 2023"]
[Source "ChessBase"]
[SourceDate "2022.10.05"]
[SourceVersion "1"]
[SourceVersionDate "2022.10.05"]
[SourceQuality "1"]

1. e4 e5 2. Nf3 Nc6 3. Bc4 Bc5 4. c3 Nf6 5. d4 exd4 6. cxd4 Bb4+ 7. Nc3 Bxc3+ 8. bxc3 Nxe4 9. Ba3 d5 10. Bd3 Bg4 11. Qe2 Bf5 12. 0-0 Qf6 13. Qc2 Ne7 14. c4 c6 15. cxd5 cxd5 16. Bb5+ Nc6 17. Rfe1 Bd7 18. Bxc6 Bxc6 19. Qd3 0-0-0 20. Qc2 Kb8 21. Rab1 Ka8 22. Ne5 Rc8 23. Qb2 Rhe8 24. f3 Ng5 25. Nxc6 Qxc6 26. Rec1 Qd7 27. Rxc8+ Rxc8 28. Bc5 b6 29. Ba3 Qc6 30. Rc1 Qxc1+ 31. Qxc1 Rxc1+ 32. Bxc1 Ne6 33. Bb2 Kb7 34. Kf2 Kc6 35. g4 Kb5 36. Ke2 Kc4 37. Ke3 g5 38. h3 a5 39. Ba1 b5 40. Bb2 b4 41. Ba1 a4 42. Bb2 a3 43. Ba1 b3 44. axb3+ Kxb3 45. Kd3 Ka2 46. Bc3 Kb1 47. Kd2 a2 48. Kd3 a1Q 49. Bxa1 Kxa1 50. Kc3 Ka2 51. Kb4 Nxd4 52. Kc5 Nxf3 53. Kxd5 Kb3 54. Ke4 Ng1 55. Kf5 Nxh3 56. Kf6 Kc4 57. Kxf7 Kd4 58. Kg7 Ke4 59. Kxh7 Kf4 60. Kh6 Kxg4 61. Kg6 Kf3 62. Kh5 g4 63. Kh4 g3 0-1

[Event "Klaipeda Rumiancev Memorial-B"]
[Site "Klaipeda"]
[Date "2021.07.23"]
[Round "7"]
[White "Spevak, Dovydas"]
[Black "Burdin, Oleg"]
[Result "1-0"]
[WhiteElo "1226"]
[BlackElo "1103"]
[PlyCount "75"]
[EventDate "2021.07.20"]
[EventType "swiss"]
[EventRounds "7"]
[EventCountry "LTU"]
[SourceTitle "EXT 2022"]
[Source "ChessBase"]
[SourceDate "2021.10.06"]
[SourceVersion "1"]
[SourceVersionDate "2021.10.06"]
[SourceQuality "1"]

1. f4 d5 2. d4 Nc6 3. e3 e6 4. Nf3 b6 5. c3 Bb7 6. Ne5 Bd6 7. Bb5 Bxe5 8. dxe5 Nge7 9. 0-0 0-0 10. Nd2 a6 11. Bd3 f6 12. Qh5 g6 13. Qh3 Qd7 14. exf6 Rxf6 15. Nf3 Kg7 16. b3 Qd6 17. Bb2 Kg8 18. c4 Rf7 19. Ng5 Raf8 20. Nxf7 Rxf7 21. cxd5 exd5 22. f5 Nxf5 23. Bxf5 gxf5 24. Rxf5 Rxf5 25. Qxf5 Ne7 26. Qg5+ Kf7 27. Rf1+ Ke8 28. Qg7 Qe6 29. Be5 Ng6 30. Bd4 c5 31. Qxb7 cxd4 32. exd4 Qe3+ 33. Kh1 Qe2 34. Qf7+ Kd8 35. Qxd5+ Kc8 36. Rc1+ Kb8 37. Qd8+ Kb7 38. Rc7# 1-0

[Event "LTU-ch Amateurs"]
[Site "Kaunas"]
[Date "2020.08.30"]
[Round "6"]
[White "Spevak, Dovydas"]
[Black "Juknevicius, Robertas"]
[Result "1-0"]
[WhiteElo "1153"]
[BlackElo "1061"]
[PlyCount "79"]
[EventDate "2020.08.27"]
[EventType "swiss"]
[EventRounds "7"]
[EventCountry "LTU"]
[SourceTitle "EXT 2022"]
[Source "ChessBase"]
[SourceDate "2021.10.06"]
[SourceVersion "1"]
[SourceVersionDate "2021.10.06"]
[SourceQuality "1"]

1. f4 d5 2. d4 Bf5 3. Nf3 Nf6 4. e3 e6 5. Bd3 Bg4 6. Nbd2 Bb4 7. c3 Bd6 8. h3 Bh5 9. g4 Bg6 10. Bxg6 hxg6 11. Kf2 Ne4+ 12. Nxe4 dxe4 13. Nd2 g5 14. Nxe4 gxf4 15. Nxd6+ Qxd6 16. exf4 Nc6 17. Bd2 f6 18. Qe2 0-0-0 19. Rad1 e5 20. dxe5 fxe5 21. Be3 Qf8 22. Rxd8+ Qxd8 23. g5 Re8 24. Rd1 Qe7 25. Qg4+ Kb8 26. f5 Rf8 27. Kg3 Qf7 28. Rf1 Ne7 29. f6 Nd5 30. g6 Qg8 31. f7 Qh8 32. Bc5 b6 33. Bxf8 Qxf8 34. Qd7 Nf6 35. Rxf6 gxf6 36. Qe8+ Qxe8 37. fxe8Q+ Kb7 38. g7 a5 39. g8Q f5 40. Qa8# 1-0